|
|
|
|
| LEADER |
00000nam a2200000 a 4500 |
| 001 |
vtls001322785 |
| 003 |
SK-MaSNL |
| 005 |
20260301005453.0 |
| 008 |
210928s1984 xr 0 cze |
| 035 |
|
|
|a SNK000275467
|
| 040 |
|
|
|a SNK
|b slo
|c SNK
|e AACR2
|
| 041 |
0 |
|
|a cze
|
| 044 |
|
|
|a xr
|c CZ
|
| 080 |
|
|
|a 792.2
|2 1981
|
| 110 |
0 |
|
|a Divadlo J. K. Tyla v Plzni.
|b Činohra
|4 aut
|9 188393
|
| 245 |
1 |
|
|a Naďa Jedličková: Poslední nápadník madame Hussonové
|b premiéra 28. ledna 1984
|c Eva Bezděková
|
| 260 |
|
|
|a Plzeň
|b Divadlo J.K. Tyla
|c 1984
|
| 300 |
|
|
|a 1 list zlož. v [8] s.
|c 4°
|
| 650 |
0 |
7 |
|a divadelné programy
|2 SNK
|9 120186
|
| 700 |
1 |
|
|a Bezděková, Eva,
|d 1929-1992
|4 zos
|9 154629
|
| 958 |
|
|
|a RK
|
| 958 |
|
|
|a OND
|
| 999 |
|
|
|c 545263
|d 547193
|
| 952 |
|
|
|t P60, <04>, [BOOK], {604}
|a SNK
|b SNK
|y VYP
|7 0
|o snkOIB 2048
|i snkF 3187/91
|0 0
|1 0
|4 0
|d 1998-03-02
|l 0
|r 2005-01-02 00:00:00
|w 2026-02-23
|